000
00288nam a22001337a 4500
020
_a
0-09-915360-2
082
_a
808.3 CAR'A
100
_a
CARTLAND, BARBARA
_9
11921
245
_a
ARMOUR AGAINST LOVE
250
_a
2ND
260
_a
LONDON
_b
ARROW
_c
1977
300
_a
255P
942
_c
BK
999
_c
581456
_d
581456